000 00873nam a2200265Ia 4500
003 OSt
005 20220923211459.0
006 a|||||r|||| 00| 0
007 ta
008 Pun
020 _a9789352041213 (hbk)
_c250
024 _a319,727
037 _b770, 27/02/2017, H.K. Prakashan
_cTextual
040 _aARTS
_cARTS
_bPun
041 _2Pun
_aPun
082 _aO153,2:g, Q4
100 _aਸੀਮਾ ਰਾਣੀ, ਂਚ.
245 0 _aਨਾਟ ਸਿਧਾਂਤ ਅਤੇ ਪੰਜਾਬੀ ਨਾਟਕ
260 _aਚੰਡੀਗੜ
_b ਲੋਕਗੀਤ ਪ੍ਰਕਾFਨ
_c2014
300 _a118ਪ੍ਰ0
_ccm.
650 _a ਪੰਜਾਬੀ ਨਾਟਕ
650 _aਸ਼ਚਅਹ਼ਲਜ
942 _hO153,2:g, Q4
_cTEXL
_2CC
999 _c299976
_d299976